Snow white & the seven dwarfs

Bibliographic Details
Other Authors: Van Gool (illustrated)
Format: Book
Published: Leicester : Magna Books , 1992
Series:Magna fairy tale classic
Subjects:

MARC

LEADER 00000cam a2200000 7i4500
001 0000005571
002 000006023
005 20000330.0
020 |a 1854224409 
090 0 0 |a JF   |b SNO 
245 0 0 |a Snow white & the seven dwarfs   |c illustrated by Van Gool 
260 |a Leicester :   |b Magna Books ,   |c 1992 
300 |a 60 p. :   |b ill. ;   |c 29 cm. 
490 0 |a Magna fairy tale classic 
650 0 0 |a Children's stories 
700 1 |a Van Gool ,   |e illustrated 
999 |a 029079   |b BUKU   |c JUNIOR REFERENCE   |e PERPUSTAKAAN KOMUNITI PETALING JAYA 
999 |a 057293 1   |b BUKU   |c PINJAMAN   |e PERPUSTAKAAN KOMUNITI PETALING JAYA 
999 |a 057293   |b BUKU   |c PINJAMAN   |e PERPUSTAKAAN KOMUNITI PETALING JAYA 
999 |a 057295   |b BUKU   |c PINJAMAN   |e PERPUSTAKAAN KOMUNITI PETALING JAYA